Online
Catalog

El subdesarrollo latinoamericano y la teoría del desarrollo / (Record no. 15809)

MARC details
000 -CABECERA
campo de control de longitud fija 00812cam a2200229 p 4500
001 - NÚMERO DE CONTROL
campo de control 000016273
005 - FECHA Y HORA DE LA ÚLTIMA TRANSACCIÓN
campo de control 20250701132841.0
008 - DATOS DE LONGITUD FIJA--INFORMACIÓN GENERAL
campo de control de longitud fija 790907s19811973sp b 001 0 spa
020 ## - NÚMERO INTERNACIONAL ESTÁNDAR DEL LIBRO
Número Internacional Estándar del Libro 8432301078
040 ## - FUENTE DE LA CATALOGACIÓN
Centro catalogador/agencia de origen DO-SdBNP
Lengua de catalogación spa
Centro/agencia transcriptor BNPHU
082 ## - NÚMERO DE LA CLASIFICACIÓN DECIMAL DEWEY
Número de clasificación 330.9
Número de documento/Ítem S958s
100 1# - ENTRADA PRINCIPAL--NOMBRE DE PERSONA
Nombre de persona Sunkel, Osvaldo
9 (RLIN) 36188
245 13 - MENCIÓN DE TÍTULO
Título El subdesarrollo latinoamericano y la teoría del desarrollo /
Mención de responsabilidad, etc. Osvaldo Sunkel, con la colaboración de Pedro Paz.
260 ## - PUBLICACIÓN, DISTRIBUCIÓN, ETC.
Lugar de publicación, distribución, etc. México :
Nombre del editor, distribuidor, etc. Siglo Veintiuno ,
Fecha de publicación, distribución, etc. 1981.
300 ## - DESCRIPCIÓN FÍSICA
Extensión viii, 385 p. :
Otras características físicas il. ;
Dimensiones 23 cm.
490 1# - MENCIÓN DE SERIE
Mención de serie Economía y demografía
504 ## - NOTA DE BIBLIOGRAFÍA, ETC.
Nota de bibliografía, etc. Includes bibliographical references and index.
651 #4 - PUNTO DE ACCESO ADICIONAL DE MATERIA--NOMBRE GEOGRÁFICO
Nombre geográfico América Latina
Subdivisión general Condiciones Económicas
9 (RLIN) 5778
650 #0 - PUNTO DE ACCESO ADICIONAL DE MATERIA--TÉRMINO DE MATERIA
Término de materia o nombre geográfico como elemento de entrada Desarrollo económico
9 (RLIN) 85548
700 1# - PUNTO DE ACCESO ADICIONAL--NOMBRE DE PERSONA
Nombre de persona Paz, Pedro
9 (RLIN) 30938
830 #0 - PUNTO DE ACCESO ADICIONAL DE SERIE-TÍTULO UNIFORME
Título uniforme Economía y demografía
9 (RLIN) 30740
Holdings
Estado de retiro Estado de pérdida Restricciones de uso No para préstamo Código de colección Localización permanente Ubicación/localización actual Ubicación en estantería Fecha de adquisición Número de inventario Total de préstamos Signatura topográfica completa Código de barras Fecha visto por última vez Precio válido a partir de Tipo de ítem Koha
      Excluido de préstamo Monografías: Libros y Folletos General General Depósito 02.03.2010 LF1   330.9 S958s 16273-10 25.06.2020 25.06.2020 No se presta

Powered by Koha